000
00267nam a22001217a 4500
008
180807b xxu||||| |||| 00| 0 eng d
082
_a
813.52
245
_a
Power Lecture
_c
Thomson
260
_c
2008
300
_a
1
_f
CD
440
_x
9780495553748
942
_2
ddc
_c
MX
999
_c
46882
_d
46882